| Tag |
First Indicator |
Second Indicator |
Subfields |
| LEADER |
00000cam a2200000 a 4500 |
| 001 |
in00000091551 |
| 005 |
20151008064018.0 |
| 008 |
810403s1980 gw 00010 ger d |
| 020 |
|
|
|a 3472613149
|
| 035 |
|
|
|a (OCoLC)07303768
|
| 035 |
|
|
|9 AAK3357AM
|
| 040 |
|
|
|a UUM
|c UUM
|d TXA
|d UtOrBLW
|
| 049 |
|
|
|a TXAM
|c [1804540]
|
| 090 |
|
|
|a PT2666.E397
|b V6
|
| 100 |
1 |
|
|a Fels, Ludwig,
|d 1946-
|
| 245 |
1 |
0 |
|a Vom Gesang der Bauche :
|b ausgewahlte Gedichte /
|c Ludwig Fels.
|
| 264 |
|
1 |
|a Darmstadt :
|b Luchterhand,
|c 1980.
|
| 300 |
|
|
|a 150 pages ;
|c 18 cm.
|
| 336 |
|
|
|a text
|b txt
|2 rdacontent
|
| 337 |
|
|
|a unmediated
|b n
|2 rdamedia
|
| 338 |
|
|
|a volume
|b nc
|2 rdacarrier
|
| 490 |
0 |
|
|a Sammlung Luchterhand,
|v SL314
|
| 500 |
|
|
|a Poems written between 1973-1980.
|
| 999 |
|
|
|a MARS
|
| 999 |
f |
f |
|s 56e2c1ad-4ce8-3aaa-9351-6be7e49ccb39
|i 4247e131-5b19-3350-aee6-68467256d31d
|t 0
|
| 952 |
f |
f |
|p ric
|a Texas A&M University
|b Rellis Campus
|c Joint Library Facility
|d Remote Storage
|t 0
|e PT2666.E397 V6
|h Library of Congress classification
|i unmediated -- volume
|m A14806195088
|
| 998 |
f |
f |
|a PT2666.E397 V6
|t 0
|l Remote Storage
|